MARC

LEADER 00000nam0a2200000 4500
001 342623
005 20231102005455.0
035 |a (RuTPU)RU\TPU\book\371795 
090 |a 342623 
100 |a 20190321d1980 km y0rusy50 ca 
101 0 |a rus 
102 |a RU 
105 |a a z 001zy 
200 1 |a Карельская геосинклиналь (литологический анализ)  |f К. И. Хейсканен  |g Академия наук СССР, Карельский филиал, Институт геологии 
210 |a Ленинград  |c Наука  |d 1980 
215 |a 165 с.  |c ил. 
320 |9 572  |a Библиогр.: с. 154-165 
606 1 |a Геосинклинали  |2 stltpush  |3 (RuTPU)RU\TPU\subj\6223  |9 34157 
610 1 |a Карелия 
610 1 |a литологический анализ 
610 1 |a докембрийские коплексы 
610 1 |a Финляндия 
610 1 |a расчленение 
610 1 |a вулканизм 
610 1 |a седиментация 
610 1 |a тектоника 
675 |a 551.242.32  |v 4 
700 1 |a Хейсканен  |b К. И.  |g Ким Иванович 
712 0 2 |a Академия наук СССР  |b Карельский филиал  |b Институт геологии  |c (Петрозаводск)  |2 stltpush  |3 (RuTPU)RU\TPU\col\13466  |9 25682 
801 1 |a RU  |b 63413507  |c 20190321 
801 2 |a RU  |b 63413507  |c 20210416  |g RCR 
942 |c BK